Dios me ama
Gardado en:
| Main Authors: | , , , |
|---|---|
| Formato: | Libro |
| Idioma: | Lingua castelá |
| Publicado: |
Santiago
Universidad Católica de Chile
1995
|
| Subjects: | |
| Tags: |
Engadir etiqueta
Sen Etiquetas, Sexa o primeiro en etiquetar este rexistro!
|
MARC
| LEADER | 00000nam a2200000 a 4500 | ||
|---|---|---|---|
| 001 | UCY5971 | ||
| 003 | CL-VaPUC | ||
| 008 | 950521e19950000CL |||||||||||||||||spa|d | ||
| 082 | 0 | 4 | |a 377 |b HUE |2 21 |
| 100 | 0 | |a Huerta de Soffia, Marta G. de la |e author |9 335474 | |
| 700 | 0 | |a Leiva Gonzalez, Berta |e author |9 335475 | |
| 700 | 0 | |a García Burr, Teresa |e author |9 335476 | |
| 700 | 0 | |a Correa de Alamos, María |e author |9 335477 | |
| 245 | 1 | 0 | |a Dios me ama |
| 300 | |a 47 p | ||
| 942 | |c BK | ||
| 945 | |d 19950521 00:00:00 |a rbrito | ||
| 260 | |a Santiago |b Universidad Católica de Chile |c 1995 | ||
| 650 | 0 | |a Educación religiosa |9 308312 | |
| 650 | 7 | |a EDUCACION CRISTIANA |2 CL-VaPUC |9 308333 | |
| 650 | 0 | |a Educación preescolar |9 260381 | |
| 583 | |a last modification |c 19950521 00:00:00 |k Rodrigo Vera | ||
| 999 | |c 233568 |d 233566 | ||
| 952 | |0 0 |1 0 |4 0 |6 377_000000000000000_HUE_1995 |7 0 |8 P |9 239177 |a BIBEDU |b BIBEDU |c BIBEDU_PB |d 2019-11-18 |i 308518K |o 377 HUE 1995 |p 308518K |r 2024-01-25 |w 2019-11-18 |y BK |k EPE | ||
| 952 | |0 0 |1 0 |4 0 |6 377_000000000000000_HUE_1995 |7 0 |8 P |9 239178 |a BIBEDU |b BIBEDU |c BIBEDU_PB |d 2019-11-18 |i 3085198 |o 377 HUE 1995 |p 3085198 |r 2024-01-25 |w 2019-11-18 |y BK |k EPE | ||